000 00306nam a22001457a 4500
008 210305b ||||| |||| 00| 0 eng d
020 _a9780030661747
041 _aeng
080 _a574
082 _a574
100 _a9
101 _aMJE
245 _aEnviromental Science
_cArms, K
942 _2udc
_cBK
999 _c55840
_d55840